| 000 | 00603nam a2200193Ia 4500 | ||
|---|---|---|---|
| 003 | IN-BaIIA | ||
| 008 | 211028s9999 xx 000 0 eng d | ||
| 020 | _a019 -860752-0 | ||
| 040 | _cIIA Library | ||
| 080 |
_a(038)8.8 _bKNO |
||
| 245 | 4 |
_aThe concise oxford dictionary of quotations _cedited by Elizabeth Knowles |
|
| 250 | _a4th ed. | ||
| 260 |
_aOxford _bOxford University Press _c2003 |
||
| 300 | _avii, 547p. | ||
| 490 | _aOxford paperback reference | ||
| 650 |
_aQuotations--Dictionaries _930362 |
||
| 700 |
_aKnowles, Elizabeth, ed. _930363 |
||
| 942 | _cBK | ||
| 999 |
_c16384 _d16384 |
||